Československý kras. Roč. 16, 1965

Bibliographic Details
Format: Book
Language:Undetermined
Published: Praha ČAV 1965

MARC

LEADER 00000nam a2200000 a 4500
001 vtls001307000
003 SK-MaSNL
005 20260224021147.0
008 210928s1965 xx 0 und
035 |a SNK000259268 
040 |a SNK  |b slo  |c SNK  |e AACR2 
245 1 |a Československý kras. Roč. 16, 1965 
260 |a Praha  |b ČAV  |c 1965 
958 |a OND 
999 |c 802426  |d 804356 
952 |t P60, <06>, [BOOK], {606}  |a SNK  |b SNK  |y PREZ  |7 0  |p 17A0104502  |o snkČC 433/16/1964  |0 0  |1 1  |4 0  |d 1997-10-22  |l 0  |r 2005-01-02 00:00:00  |w 2026-02-24